000
00207nam a2200085Ia 4500
008
120527s9999 xx 000 0 und d
100
_a
Miller, L. Roger
245
_a
The Economics of public issues
942
_c
BK
999
_c
27195
_d
27195